Представление документа в формате RUSMARC

ПолеНазваниеЗначение
  Тип записи a
  Библиографический уровень a
001 Контрольный номер RU/CBS_UL/BASE/660764247
005 Дата корректировки 20240209175253.2
100 Данные общей обработки __
a Данные общей обработки 20201208d2020 ||| 0rusy0189 ca
101 Язык документа 0_
a Язык текста rus
102 Страна публикации __
a Страна публикации RU
105 Кодированные данные (монография) __
a Кодированные данные (монография) y###||||000|y
181 Поле кодированных данных: вид содержания _1
a Код вида содержания (ISBD) i#
b Код характеристики содержания (ISBD) #xxe##
d i
g x
h x
i e
2 Код системы (источник кода, отличный от ISBD) isbdcontent
182 Поле кодированных данных: тип средства _1
a Код типа средства (ISBD) n
2 Код системы (источник кода, отличный от ISBD) isbdmedia
200 Заглавие и сведения об ответственности 1_
a Заглавие За что платим?
b Общее обозначение материала Текст
e Сведения, относящиеся к заглавию [тестирование автомобилей GAC GS5, Chery Tiggo, Skoda Karoq]
f Первые сведения об ответственности К. Милешкин
g Последующие сведения об ответственности фото Г. Садков
w Текст (визуальный) : непосредственный
203 Вид содержания и тип средства __
a Вид содержания Текст
b Характеристика содержания визуальный
c Тип средства непосредственный
333 Примечание о целевом назначении __
a Примечание о целевом назначении 16+
461 Уровень набора _0
1 2000
a За рулем
463 Уровень физической единицы _0
1 001RU/CBS_UL/BASE/660741717
1 2000
a № 12
v С. 40-49 : фото
1 210
d 2020
606 Тематические рубрики 0_
a Основная рубрика GAC GS5, легковые автомобили
606 Тематические рубрики 0_
a Основная рубрика Chery "Tiggo" 8, легковые автомобили
606 Тематические рубрики 0_
a Основная рубрика Skoda "Karoq", легковые автомобили
610 Ключевые слова 0_
a Ключевые слова автомобили
a Ключевые слова легковые автомобили
a Ключевые слова автомобили легковые
a Ключевые слова кроссоверы
a Ключевые слова китайские кроссоверы
a Ключевые слова кроссоверы китайские
a Ключевые слова компактные кроссоверы
a Ключевые слова кроссоверы компактные
a Ключевые слова салоны автомобилей
a Ключевые слова автомобили российской сборки
a Ключевые слова тестирование автомобилей
a Ключевые слова экспертные оценки автомобилей
a Ключевые слова GAC GS5 (автомобили)
a Ключевые слова ГАК ГС5 (автомобили)
a Ключевые слова Chery Tiggo 8 (автомобили)
a Ключевые слова Чери Тигго 8 (автомобили)
a Ключевые слова Skoda Karoq (автомобили)
a Ключевые слова Шкода Карок (автомобили)
a Ключевые слова цены автомобилей
686 Индексы других классификаций __
a Классификационный индекс 39.335.52
2 Код системы rubbk
700 Автор _1
a Фамилия Милешкин
b Имя (инициалы) К.
801 Источник записи _0
a Страна RU
b Организация МБУК ЦБС г. Ульяновска
c Дата составления 20201208
g Правила каталогизации RCR
801 Источник записи _1
a Страна RU
b Организация МБУК ЦБС г. Ульяновска
c Дата составления 20201208
g Правила каталогизации RCR
901 Тип документа __
t Тип документа b
w Контрольный № источника RU/CBS_UL/BASE/660741717
910 Корректоры записи __
a Корректор записи Библиотека 2
938 Служебная информация __
a Имя БД period